| 000 | 00352nam a2200133Ia 4500 | ||
|---|---|---|---|
| 008 | 220217s9999||||xx |||||||||||||| ||und|| | ||
| 020 | _a981-240-232-2 | ||
| 082 | _a621.381 5 FIO | ||
| 100 |
_aFiore, Jemes, M _92922 |
||
| 245 | 0 | _aOp Amps and liner integrated circuits | |
| 260 |
_aDelmar _bAfrica _c2000 |
||
| 300 | _b331 | ||
| 650 | _aCIRCUITRY | ||
| 999 |
_c172053 _d172053 |
||